00326 a2200109 4500020001500000040001300015082001100028100002400039245009700063260004500160300001100205 a8172247206 aDLCbDLC a808.511 aTheibert, Philip R.10aHow to give a damn good speech : even when you have no time to prepare cPhilip R. Theibert. aMumbai :bJaico Publishing House,c1999. a239 p.